CLINICAL TUBERCULOSIS (Record no. 216437)

MARC details
000 -LEADER
fixed length control field 00502nam a22001697a 4500
008 - FIXED-LENGTH DATA ELEMENTS--GENERAL INFORMATION
fixed length control field 260108b |||||||| |||| 00| 0 eng d
020 ## - INTERNATIONAL STANDARD BOOK NUMBER
International Standard Book Number 978-93-5152-221-8
100 ## - MAIN ENTRY--PERSONAL NAME
Personal name PRASAD, RAJENDRA
245 ## - TITLE STATEMENT
Title CLINICAL TUBERCULOSIS
Remainder of title DIAGNOSIS AND TREATMENT
260 ## - PUBLICATION, DISTRIBUTION, ETC.
Place of publication, distribution, etc. NE DELHI
Name of publisher, distributor, etc. THE HEALTH SCIENCES PUBLISHER
Date of publication, distribution, etc. 2015
300 ## - PHYSICAL DESCRIPTION
Extent XXIV, 614P.
500 ## - GENERAL NOTE
General note INCLUDES INDEX
650 ## - SUBJECT ADDED ENTRY
Topical term or geographic name entry element 1.TUBERCULOSIS 2. CLINICAL MEDICINE
700 ## - ADDED ENTRY--PERSONAL NAME
Personal name GUPTA, NIKHIL GUPTA
942 ## - ADDED ENTRY ELEMENTS (KOHA)
Source of classification or shelving scheme Library of Congress Classification
Koha item type Long Loan Book
Holdings
Withdrawn status Lost status Source of classification or shelving scheme Damaged status Not for loan Collection Home library Current library Shelving location Date acquired Inventory number Total checkouts Full call number Barcode Date last seen Copy number Price effective from Koha item type
    Library of Congress Classification     Medicine Kisii University Library Kisii University Library On Display 01/08/2026 110872   RC 311 .P73 2015 000000023588 01/08/2026 C.1 01/08/2026 Long Loan Book
    Library of Congress Classification     Medicine Kisii University Library Kisii University Library On Display 01/08/2026 110873   RC 311 .P73 2015 000000023587 01/08/2026 C.2 01/08/2026 Long Loan Book
    Library of Congress Classification     Medicine Kisii University Library Kisii University Library On Display 01/08/2026 110874   RC 311 .P73 2015 000000023586 01/08/2026 C.3 01/08/2026 Long Loan Book
    Library of Congress Classification     Medicine Kisii University Library Kisii University Library On Display 01/08/2026 110875   RC 311 .P73 2015 000000023610 01/08/2026 C.4 01/08/2026 Long Loan Book